MARC

LEADER 00000nam0a2200000 4500
001 39034
005 20231031011020.0
010 |a 5710201979 
035 |a (RuTPU)RU\TPU\book\39868 
090 |a 39034 
100 |a 20020322d2001 km y0rusy50 ca 
101 0 |a rus 
102 |a RU 
105 |a a g 001zy 
200 1 |a Справочник по высшей математике  |f М. Я. Выгодский 
205 |a 14-е изд. 
210 |a Москва  |c Большая Медведица  |d 2001 
215 |a 864 с.  |c ил. 
320 |a Алф. указ.: с. 845-863. 
451 1 |0 (RuTPU)RU\TPU\book\22090  |y 5-7102-0197-9  |t Справочник по высшей математике  |f М. Я. Выгодский  |e 14-е изд.  |c М.  |n Джангар  |n Большая Медведица  |d 2000  |p 863 с.  |a Выгодский, Марк Яковлевич 
451 1 |0 (RuTPU)RU\TPU\book\59849  |y 5-17-012238-1  |t Справочник по высшей математике  |f М. Я. Выгодский  |c М.  |n АСТ  |n Астрель  |d 2002  |p 992 с.  |a Выгодский, Марк Яковлевич 
451 |y 5-271-03651-0 
610 1 |a математика 
610 1 |a аналитическая геометрия 
610 1 |a плоскость 
610 1 |a пространство 
610 1 |a математический анализ 
610 1 |a дифференциальное исчисление 
610 1 |a интегральное исчисление 
610 1 |a ряды 
610 1 |a дифференциальные уравнения 
610 1 |a функции 
610 1 |a кривые 
610 1 |a справочники 
675 |a 51(03)  |v 3 
700 1 |a Выгодский  |b М. Я.  |g Марк Яковлевич 
801 1 |a RU  |b 63413507  |c 20020322  |g PSBO 
801 2 |a RU  |b 63413507  |c 20140929  |g PSBO 
942 |c BK